书目信息 |
| 题名: |
“五反”运动研究
|
|
| 作者: | 何永红 著 | |
| 分册: | ||
| 出版信息: | 北京 中共党史出版社 2006 |
|
| 页数: | 254页 | |
| 开本: | 23cm | |
| 丛书名: | 中共党史研究丛书 | |
| 单 册: | ||
| 中图分类: | D651.4 | |
| 科图分类: | ||
| 主题词: | 三反五反运动 , 三反五反运动--研究 | |
| 电子资源: | ||
| ISBN: | 7-80199-372-1 | |
| 000 | 00964oam2 2200289 450 | |
| 001 | 010700020101 | |
| 005 | 20061119150755.75 | |
| 010 | @a7-80199-372-1@dCNY28.00 | |
| 100 | @a20060418d2006 em y0chiy0110 ea | |
| 101 | 0 | @achi |
| 102 | @aCN@b110000 | |
| 105 | @ak z 000yy | |
| 200 | 1 | @a“五反”运动研究@9“ wu fan” yun dong yan jiu@f何永红著 |
| 210 | @a北京@c中共党史出版社@d2006 | |
| 215 | @a254页@d23cm | |
| 225 | 2 | @a中共党史研究丛书 |
| 300 | @a教育部“211工程”项目 | |
| 304 | @a中国人民大学中共党史系组织编写 | |
| 308 | @a丛书第二批 | |
| 330 | @a本书分析了“五反”运动的酝酿、开展,“五反”运动的政策和策略、“五反”运动的意义和作用。从“五反”运动这一政策的制定、执行到终结,体现了当时党的执政方式和执政水平。 | |
| 461 | 0 | @12001 @a中共党史研究丛书 |
| 606 | 0 | @a三反五反运动 |
| 606 | 0 | @a三反五反运动@x研究 |
| 690 | @aD651.4@v4 | |
| 701 | 0 | @a何永红@9he yong hong@4著 |
| 801 | 0 | @aCN@bRENTIAN@c20061119 |
| 905 | @a10447@dD651.4@e15 | |
| “五反”运动研究/何永红著.-北京:中共党史出版社,2006 |
| 254页;23cm.-(中共党史研究丛书) |
| 教育部“211工程”项目 |
| ISBN 7-80199-372-1:CNY28.00 |
| 本书分析了“五反”运动的酝酿、开展,“五反”运动的政策和策略、“五反”运动的意义和作用。从“五反”运动这一政策的制定、执行到终结,体现了当时党的执政方式和执政水平。 |
| ● |
| 相关链接 |
|
|
|
|
正题名:"五反"运动研究
索取号:D651.4/15
 
预约/预借
| 序号 | 登录号 | 条形码 | 馆藏地/架位号 | 状态 | 备注 |
| 1 | 0393190 | 203931905 | 第一样本阅览室/ [索取号:D651.4/15] | 在馆 | |
| 2 | 0393191 | 203931914 | 第一借阅区/ [索取号:D651.4/15] | 在馆 | |
| 3 | 0393192 | 203931923 | 第一借阅区/ [索取号:D651.4/15] | 在馆 | |
| 4 | 0393193 | 203931932 | 第一借阅区/ [索取号:D651.4/15] | 在馆 | |
| 5 | 0393194 | 203931941 | 第一借阅区/ [索取号:D651.4/15] | 在馆 |